| 000 | 00582cam a2200241ua 4500 | ||
|---|---|---|---|
| 020 | _c9.75 | ||
| 041 |
_aeng _h |
||
| 082 |
_a629.2223 _bGUP/RE |
||
| 100 | _aGupta, K N . | ||
| 245 |
_aRepair and keep your car running / _cK N Gupta. _hTextual Documents |
||
| 250 |
_a1 / _b. |
||
| 260 |
_aNewdelhi : _bNew heights , _c1983. |
||
| 300 |
_a99 : _b506 ; . |
||
| 365 | _a9.75 | ||
| 504 | _a | ||
| 700 | 1 | _aDev, R . | |
| 700 | 1 | _aKaushish, J P . | |
| 942 | _cBK | ||
| 999 |
_c10549 _d10549 |
||